00641nam a2200205Ia 4500008004100000020001800041050002000059050001400079245002700093245005700120260001300177260002300190260000900213300001600222300001100238500005100249650005200300650003900352650004400391180523s9999 xx 000 0 und d a1-4129-0353-X aMAIN HF 5415.32 b.E84 2005 4aThe Ethical consumer / 0cedited by Rob Harrison, Terry Newholm, Deirdre Shaw. aLondon : bSage Publications, c2005 a258 pages : c24 cm. aIncludes bibliographical references and index. aConsumer behavior -- Moral and ethical aspects. aSocial responsibility of business. xMarketing -- Moral and ethical aspects.